000 01141nam a2200325I 4500
001 2671
003 BD-RjUL
005 20211208233611.0
008 131212r19491948mau 001 0 eng c
035 _aMITb10893927
035 _a(BD-RjUL)2698
040 _aCSU
_cCSU
_dMYG
_dC
_beng
041 _aeng
082 _216
_a331
_bDAL 1949
100 1 _aDaugherty, Carroll R.
_q(Carroll Roop),
_d1900-1988.
_98608
245 1 0 _aLabor problems in American industry /
_cBy Carroll R. Daugherty.
250 _a1948-1949 impression.
260 _aBoston :
_bHoughton Mifflin Co.,
_c1948 [impression 1949].
300 _axxii, 1066, xiv p. :
_bmaps, diagrs. ;
_c23 cm.
500 _a"The inclusion of a supplementary chapter [principally by George H. Hildebrand] serves to bring up to date the 1941 ed."
650 0 _aWorking class
_zUnited States.
_98609
650 0 _aIndustries
_zUnited States.
_98359
650 0 _aLabor laws and legislation
_zUnited States.
_97551
700 1 _aHildebrand, George Herbert.
_98610
942 _2ddc
_cBK
946 _at
949 _ac
_p39080020371826
999 _c2671
_d2671